UNA NOTI - Omar courtz - Estadísticas

Estadísticas generales
  • Esta prueba ha sido intentada 69 veces
  • La puntuación promedio es 298 de 403
Estadísticas de respuestas
Respuesta % Correcto
a
98%
un
98%
no
96%
es
94%
ti
94%
y
93%
en
91%
yo
91%
me
89%
que
89%
se
89%
Si
89%
si
89%
una
89%
baby
87%
como
87%
lo
87%
noti
87%
pa
87%
de
85%
ma
85%
cogerte
83%
el
83%
la
83%
mi
83%
pero
83%
quiero
83%
siempre
83%
to
83%
te
81%
tu
81%
con
80%
del
78%
luna
78%
ojo
78%
entre
76%
pal
76%
al
74%
cabron
74%
ella
74%
estas
74%
le
74%
Bellaquita
72%
cherry
72%
comerno
72%
cuando
72%
cuarto
72%
hace
72%
deje
70%
esa
70%
jumping
70%
mami
70%
mas
70%
mato
70%
por
70%
quiere
70%
tire
70%
unico
70%
atrevo
69%
caliente
69%
dale
69%
enseñame
69%
era
69%
las
69%
los
69%
nalgas
69%
nothing
69%
pelee
69%
somos
69%
veia
69%
accidente
67%
esas
67%
eso
67%
Ey
67%
ey
67%
miren
67%
ojos
67%
something
67%
ahi
65%
dia
65%
dile
65%
encima
65%
ese
65%
esos
65%
espere
65%
solita
65%
ver
65%
agarrandote
63%
algun
63%
cerquita
63%
culito
63%
imagina
63%
lejos
63%
tobi
63%
veas
63%
body
61%
dios
61%
gente
61%
mio
61%
porque
61%
vire
61%
ahora
59%
bajo
59%
chingamo
59%
cuerpo
59%
enchulao
59%
estamo
59%
lunar
59%
mente
59%
pido
59%
tiempo
59%
tiene
59%
casa
57%
cielo
57%
espero
57%
fue
57%
hundo
57%
nos
57%
toco
57%
baja
56%
conozco
56%
dime
56%
hacerlo
56%
polo
56%
vemo
56%
ya
56%
Yeah
56%
yeah
56%
alexander
54%
amiga
54%
donde
54%
frente
54%
obli
54%
queremo
54%
apartment
52%
cabrona
52%
cante
52%
culo
52%
dientes
52%
estamos
52%
haciendome
52%
loco
52%
retirarme
52%
saliste
52%
tengo
52%
vamo
52%
dijo
50%
dormir
50%
este
50%
haga
50%
mientras
50%
puedo
50%
yandel
50%
iba
48%
llego
48%
pelao
48%
yea
48%
cojo
46%
diste
46%
taparme
46%
uh
46%
viviendo
46%
barber
44%
desnua
44%
dos
44%
guagua
44%
mil
44%
pegarme
44%
tarde
44%
whitin
44%
150
43%
bajaba
43%
deja
43%
espera
43%
llegue
43%
meti
43%
pinta
43%
aunque
41%
concentrarme
41%
pai
41%
retirarle
37%
enter
31%
ath
28%
sperry
28%
he
26%
aplicarle
19%
estao
17%
under
13%
No se encontraron pruebas coincidentes
Distribución de puntuación
Porcentaje de gente con cada puntuación
Porcentaje por número respondido
Historial de tus puntuaciones
No has intentado esta prueba.